000 00739nam a2200193 a 4500
008 120416s1992 ||||||||||||||||| || u
020 _a0821321145
050 _aIBRD(08)DP
100 _aCoricelli, Fabrizio
245 1 0 _aWage policy during the transition to a market economy: Poland 1990-91
_cedited by Fabrizio Coricelli
260 _aWashington, D. C.
_c1992
300 _avii, 122p. : ill.
350 _a0.00
490 _aWorld Bank Discussion Papers
650 _aWAGE-PRICE POLICY--POLAND
650 _aPoland - Economic policy - 1981-
700 _aRavenga, Ana
995 _D0.00
_FCBU-MAIN LIBRARY (Kitwe)
_H1
_I0.00
_M1
_UAVAILABLE
_WJan 18, 2008
_ZInternational Publications
999 _c61416
_d61416